000 00621nam a22001937a 4500
003 koha_MIRAKIL
005 20250528123022.0
008 250528b tur||||| |||| 00| 0 tur d
020 _a9789752421103
040 _aTR-IsEVY
_btur
_cTR-IsEVY
082 _a388.3 FAR/Ç
100 _aFarndon, John
245 0 _aÇöp adamın tren ve otomobil rehberi /
_cJohn Farndon ; çizer John Paul de Quay.
260 _aİstanbul :
_bTeleskop Popüler Bilim ,
_c2017
300 _a32 s. :
_brenkli resimli ;
_c27 cm.
650 _aTaşıtlar.
_vTrenler.
_vOtomobiller.
700 1 _aQuay, John Paul de
_cçizer.
942 _2ddc
_cBK
999 _c22361
_d22361